Petitioning for our rights, fighting for our nation (Record no. 59363)
[ view plain ]
| 000 -LEADER | |
|---|---|
| fixed length control field | 01166nam a2200289Ia 4500 |
| 100 1# - MAIN ENTRY--AUTHOR NAME | |
| Personal name | Terretta, Meredith. |
| 245 10 - TITLE STATEMENT | |
| Title | Petitioning for our rights, fighting for our nation |
| 260 ## - PUBLICATION, DISTRIBUTION, ETC. (IMPRINT) | |
| Place of publication | Oxford : |
| Name of publisher | Langaa RPCIG, |
| Year of publication | 2013. |
| 300 ## - PHYSICAL DESCRIPTION | |
| Number of Pages | ix, 157 p. |
| 650 #0 - SUBJECT ADDED ENTRY--TOPICAL TERM | |
| Topical Term | Cameroon |
| Topical Term | Women |
| 856 40 - ELECTRONIC LOCATION AND ACCESS | |
| Uniform Resource Identifier | http://site.ebrary.com/lib/rucke/Doc?id=10677897 |
No items available.
